书目信息 |
| 题名: |
朱德选集
|
|
| 作者: | 朱德 著 ;中共中央文献编辑委员会 编辑 | |
| 分册: | ||
| 出版信息: | 北京 人民出版社 1983 |
|
| 页数: | 445页 | |
| 开本: | 21cm | |
| 丛书名: | ||
| 单 册: | ||
| 中图分类: | D2-1 | |
| 科图分类: | ||
| 主题词: | ||
| 电子资源: | ||
| ISBN: | ||
| 000 | 00712nam0 2200253 450 | |
| 001 | 000190242 | |
| 005 | 20120905085349.0 | |
| 010 | @dCNY1.10 | |
| 091 | @dCNY1.10 | |
| 091 | @dCNY1.10 | |
| 100 | @a20120905d1983 em y0chiy0121 ea | |
| 101 | 0 | @achi |
| 102 | @aCN@b110000 | |
| 105 | @ay z 000yy | |
| 106 | @ar | |
| 200 | 1 | @a朱德选集@9Zhu De Xuan Ji @f[朱德著]@g[中共中央文献编辑委员会编辑] |
| 210 | @a北京@c人民出版社@d1983 | |
| 215 | @a445页@d21cm | |
| 600 | 0 | @a朱德@9zhu de@x选集 |
| 690 | @aD2-1@v3 | |
| 701 | 0 | @a朱德@9zhu de@4著 |
| 712 | 02 | @a中共中央文献编辑委员会@9zhong gong zhong yang wen xian bian ji wei yuan hui@4编辑 |
| 801 | 0 | @aCN@bAzMarc@c20130904 |
| 905 | @aBZT@dD2@e59@f20@sD2/59 | |
| 朱德选集/[朱德著]/[中共中央文献编辑委员会编辑].-北京:人民出版社,1983 |
| 445页;21cm |
| ISBN :CNY1.10 |
| ● |
| 相关链接 |
|
|
|
正题名:朱德选集
索取号:D2/59
 
预约/预借
| 序号 | 登录号 | 条形码 | 馆藏地/架位号 | 状态 | 备注 |
| 1 | 2000092053 | 2000092053 | 旧书回溯/ [索取号:D2/59] | 在馆 | |
| 2 | 2000092054 | 2000092054 | 旧书回溯/ [索取号:D2/59] | 在馆 | |
| 3 | 2000093343 | 2000093343 | 旧书回溯/ [索取号:D2/59] | 在馆 | |
| 4 | 2000093344 | 2000093344 | 旧书回溯/ [索取号:D2/59] | 在馆 | |
| 5 | 2000093345 | 2000093345 | 旧书回溯/ [索取号:D2/59] | 在馆 | |
| 6 | 2000093346 | 2000093346 | 旧书回溯/ [索取号:D2/59] | 在馆 | |
| 7 | 2000093347 | 2000093347 | 旧书回溯/ [索取号:D2/59] | 在馆 | |
| 8 | 2000093348 | 2000093348 | 旧书回溯/ [索取号:D2/59] | 在馆 | |
| 9 | 2000093349 | 2000093349 | 旧书回溯/ [索取号:D2/59] | 在馆 | |
| 10 | 2000093350 | 2000093350 | 旧书回溯/ [索取号:D2/59] | 在馆 | |
| 11 | 2000093351 | 2000093351 | 旧书回溯/ [索取号:D2/59] | 在馆 | |
| 12 | 2000093352 | 2000093352 | 旧书回溯/ [索取号:D2/59] | 在馆 | |
| 13 | 2000093353 | 2000093353 | 旧书回溯/ [索取号:D2/59] | 在馆 | |
| 14 | 2000093354 | 2000093354 | 旧书回溯/ [索取号:D2/59] | 在馆 | |
| 15 | 2000093355 | 2000093355 | 旧书回溯/ [索取号:D2/59] | 在馆 | |
| 16 | 2000093356 | 2000093356 | 旧书回溯/ [索取号:D2/59] | 在馆 | |
| 17 | 2000093357 | 2000093357 | 旧书回溯/ [索取号:D2/59] | 在馆 | |
| 18 | 2000093358 | 2000093358 | 旧书回溯/ [索取号:D2/59] | 在馆 | |
| 19 | 2000093359 | 2000093359 | 旧书回溯/ [索取号:D2/59] | 在馆 | |
| 20 | 2000093360 | 2000093360 | 旧书回溯/ [索取号:D2/59] | 在馆 |